000
00215nam a22000857a 4500
008
161202b xxu||||| |||| 00| 0 eng d
100
_9
1767
_a
Dewan.v
245
_a
Mathematics-X CCE I
260
_a
NEw Delhi
_b
N.D P.P.C
_c
2011
999
_c
4475
_d
4475